|
|
|
|
| LEADER |
00000nam a2200000 4500 |
| 001 |
CDOM0000002630 |
| 003 |
mi |
| 005 |
20250721103730.0 |
| 008 |
250721b |||||||| |||| 00| 0 eng d |
| 040 |
|
|
|c mi
|
| 100 |
|
|
|a Severini, Gilberto
|
| 245 |
1 |
|
|a Quando chicco si spoglia sorride sempre
|
| 942 |
|
|
|2 ddc
|c BK
|
| 952 |
|
|
|0 0
|1 0
|2 ddc
|4 0
|7 0
|9 6105
|a MI
|b MI
|d 2009-08-19
|i 5420
|l 0
|p CDOM5420
|r 2025-07-13 16:28:00
|w 2025-07-13
|x DONO
|y BK
|
| 952 |
|
|
|0 0
|1 0
|2 ddc
|4 0
|7 0
|9 6106
|a MI
|b MI
|d 1998-10-11
|i 4168
|l 0
|p CDOM4168
|r 2025-07-13 16:28:00
|w 2025-07-13
|x DONO
|y BK
|
| 999 |
|
|
|c 4877
|d 4877
|